| 000 | 00821nam a2200265Ia 4500 | ||
|---|---|---|---|
| 001 | Z_455 | ||
| 003 | CHAP | ||
| 008 | 220113s1983 xx 000 0 und d | ||
| 010 | _a163432 | ||
| 040 | _cCHAP | ||
| 090 | _aTesis H 263 | ||
| 100 |
_aHernández Cachou, Luis _953873 |
||
| 245 |
_aEfecto de dos métodos de alimentación sobre la eficiencia de conversión y los incrementos de peso vivo de conejos en crecimiento / _cpor Luis Hernández Cachou |
||
| 260 |
_aChapingo, Méx. : _bEl autor, _c1983 |
||
| 300 | _a65 h. gráfs. | ||
| 502 | _aTesis (Ing. Agrónomo Esp. en Zootecnia) -- UACH. Departamento de Zootecnia | ||
| 650 |
_aConejos _xAlimentación _926353 |
||
| 650 |
_aConejos _xPeso _926374 |
||
| 901 | _aTESIS H 263 | ||
| 902 | _aM | ||
| 910 | _a1983 | ||
| 942 | _c2 | ||
| 942 | _c2 | ||
| 999 |
_c163432 _d163432 |
||